Vnútroelektródové coulometrické titrácie

Enregistré dans:
Détails bibliographiques
Auteur principal: Arendáriková, Stanislava (Auteur)
Format: Manuscrit Livre
Langue:slovaque
Publié: Bratislava : STU v Bratislave ChtF, 2000
Édition:Obháj.: 6.6.2000
Tags: Ajouter un tag
Pas de tags, Soyez le premier à ajouter un tag!

MARC

LEADER 00000ntm a22000003a 4500
001 stu53904
005 20150617225659.1
008 000608s2000----xo------------------slo-d
040 |a STU  |b slo 
041 0 |a slo 
044 |a xo 
100 1 |a Arendáriková, Stanislava  |4 aut 
245 1 |a Vnútroelektródové coulometrické titrácie 
250 |a Obháj.: 6.6.2000 
260 |a Bratislava :  |b STU v Bratislave ChtF,  |c 2000 
300 |a 64 s. Obr.,tab.,grafy,lit 
500 |a Špec.: Analytická chémia 
996 |b 284C018436  |c C*D12919  |l CCI  |s A  |a 24  |w stu53904_0001